| 000 | 00863nam a2200241 a 4500 | ||
|---|---|---|---|
| 001 | 47785 | ||
| 003 | BD-RjUL | ||
| 005 | 20211209054408.0 | ||
| 008 | 160810r20091949b ||||| |||| 00| 0 eng d | ||
| 020 | _a9788175220775(V.9) | ||
| 020 | _a9788175220218(Set) | ||
| 035 | _a(BD-RjUL)47904 | ||
| 040 |
_aBD-RjUL _bben _cBD-RjUL |
||
| 041 | _aben | ||
| 082 |
_223 _a781.1 _bTAP 2009 |
||
| 100 | 1 |
_aঠাকুর, রবীন্দ্রনাথ _9145031 |
|
| 245 | 1 | 0 |
_aপ্রায়শ্চিত্ত / _cঠাকুর, রবীন্দ্রনাথ |
| 260 |
_aকলকাতা : _bবিশ্বভারতী গ্রন্থবিভগ, _c২০০৯. |
||
| 300 |
_a৭০পৃ ; _c২৪ সেমি. |
||
| 650 |
_aসঙ্গীত মূলনীতি _9118883 |
||
| 650 |
_aBasic Principles of Music _9145103 |
||
| 942 |
_2ddc _cBK |
||
| 999 |
_c47785 _d47785 |
||